[Event "Ste-Foy 2010.09.11"]
[Site "Ste-Foy CAN"]
[Date "2010.10.02"]
[Round "4"]
[White "Caron, Sebastien"]
[Black "Doyon, Stephane"]
[Result "1-0"]
[WhiteElo "1987"]
[BlackElo "1625"]
[PlyCount "49"]
[EventDate "2010.09.11"]
[EventType "swiss"]
[EventRounds "5"]
[EventCountry "CAN"]

1. e4 c5 2. Nf3 d6 3. d4 cxd4 4. Nxd4 Nf6 5. Nc3 a6 6. Bg5 e6 7. f4 Be7 8. Qf3
Qc7 9. O-O-O b5 10. Bd3 Nbd7 11. Rhe1 O-O 12. Qg3 Nc5 13. e5 Nxd3+ 14. Rxd3 Nh5
15. Qg4 Bxg5 16. Qxg5 g6 17. Ne4 dxe5 18. fxe5 f6 19. Nxf6+ Nxf6 20. exf6 Qxh2
21. Rh3 Qd6 22. Rh6 Qxd4 23. Rxg6+ Kf7 24. Rg7+ Ke8 25. Re7+ 1-0

[Event "Ste-Foy 2010.09.11"]
[Site "Ste-Foy CAN"]
[Date "2010.10.02"]
[Round "4"]
[White "Espanol-Echevarria, Manuel"]
[Black "Dube, Daniel"]
[Result "1-0"]
[WhiteElo "1834"]
[BlackElo "1807"]
[PlyCount "143"]
[EventDate "2010.09.11"]
[EventType "swiss"]
[EventRounds "5"]
[EventCountry "CAN"]

1. e4 g6 2. d4 Bg7 3. Be3 d6 4. Qd2 Nf6 5. Nc3 c6 6. Bd3 b5 7. Nf3 b4 8. Ne2 a5
9. Ng3 h5 10. e5 dxe5 11. dxe5 Nd5 12. O-O Bg4 13. e6 Bxe6 14. Ng5 Qc8 15. Rae1
Bxb2 16. Nxe6 fxe6 17. Bxg6+ Kd7 18. Bd4 Bxd4 19. Qxd4 h4 20. Ne4 Na6 21. Bf7
Qd8 22. Nc5+ Nxc5 23. Qxc5 Qb6 24. Bxe6+ Kc7 25. Qc4 Rad8 26. Bxd5 Rxd5 27.
Rxe7+ Kb8 28. Qf4+ Ka8 29. Rfe1 Qd8 30. Qf6 Rd6 31. Qf7 Qb6 32. h3 Rhd8 33. Rc7
Rd1 34. Rc8+ Rxc8 35. Rxd1 Rd8 36. Rd7 Rxd7 37. Qxd7 a4 38. Qe8+ Ka7 39. Qe7+
Ka6 40. Qxh4 Qc5 41. Qe4 Qc3 42. h4 c5 43. h5 Qa1+ 44. Kh2 Kb5 45. Qd3+ Ka5 46.
Qd5 Kb5 47. Qd7+ Ka5 48. Qd5 Qc3 49. Qa8+ Kb5 50. Qb7+ Ka5 51. Qc7+ Kb5 52. h6
Qf6 53. h7 Qh6+ 54. Kg1 Qc1+ 55. Kh2 Qh6+ 56. Kg3 Qg5+ 57. Kf3 Qf5+ 58. Ke3
Qe6+ 59. Kf4 Qf6+ 60. Ke4 Qd4+ 61. Kf3 Qd5+ 62. Ke2 Qc4+ 63. Ke1 Qc3+ 64. Kf1
Qxc2 65. Qd7+ Ka5 66. Qa7+ Kb5 67. Qb7+ Ka5 68. Qa8+ Kb6 69. Qd8+ Kb5 70. Qd7+
Kc4 71. Qe6+ Kb5 72. Qe2+ 1-0

[Event "Ste-Foy 2010.09.11"]
[Site "Ste-Foy CAN"]
[Date "2010.10.09"]
[Round "5"]
[White "Cummins, Paul"]
[Black "Bissonnette, Alexandre"]
[Result "1-0"]
[WhiteElo "1780"]
[BlackElo "1297"]
[PlyCount "71"]
[EventDate "2010.09.11"]
[EventType "swiss"]
[EventRounds "5"]
[EventCountry "CAN"]

1. d4 d5 2. Nf3 Nf6 3. c4 e6 4. Nc3 Nc6 5. g3 Bb4 6. Bg2 Bxc3+ 7. bxc3 dxc4 8.
Ba3 a6 9. O-O h6 10. Qc2 Rb8 11. Rab1 b5 12. Nd2 Bb7 13. Nxc4 Nxd4 14. cxd4
Bxg2 15. Kxg2 bxc4 16. Rxb8 Qxb8 17. Qxc4 Qb7+ 18. Kg1 c6 19. Rc1 Kd7 20. f3
Qb5 21. Qc2 Rc8 22. e4 g6 23. Bc5 a5 24. Rb1 Qa6 25. Rb6 Qa8 26. Qd2 g5 27. h4
Rg8 28. hxg5 hxg5 29. Qb2 Kc7 30. d5 Nd7 31. Rxc6+ Kd8 32. Bb6+ Nxb6 33. Qxb6+
Ke7 34. Rc7+ Kf8 35. dxe6 fxe6 36. Qd6+ 1-0

[Event "Ste-Foy 2010.09.11"]
[Site "Ste-Foy CAN"]
[Date "2010.10.09"]
[Round "5"]
[White "Espanol-Echevarria, Manuel"]
[Black "Caron, Sebastien"]
[Result "0-1"]
[WhiteElo "1834"]
[BlackElo "1987"]
[PlyCount "62"]
[EventDate "2010.09.11"]
[EventType "swiss"]
[EventRounds "5"]
[EventCountry "CAN"]

1. e4 e5 2. Nf3 Nc6 3. Bc4 Bc5 4. c3 Nf6 5. d3 d6 6. Nbd2 Qe7 7. Nf1 Bd7 8. Be3
Bxe3 9. Nxe3 Na5 10. O-O Nxc4 11. Nxc4 O-O 12. Ne3 g6 13. b4 c6 14. Nd2 Nh5 15.
g3 Bh3 16. Ng2 Ng7 17. f4 f5 18. Qb3+ Kh8 19. Rf2 Bxg2 20. Kxg2 exf4 21. exf5
fxg3 22. hxg3 Nxf5 23. Nf3 Rae8 24. Re1 Qd8 25. Rh1 Ne3+ 26. Kg1 Ng4 27. Rf1
Qe7 28. Re1 Qxe1+ 29. Nxe1 Rxe1+ 30. Kg2 Rf2+ 31. Kh3 h5 0-1

[Event "Ste-Foy 2010.09.11"]
[Site "Ste-Foy CAN"]
[Date "2010.10.09"]
[Round "5"]
[White "Oliver, Vance"]
[Black "Labrecque, Rejean"]
[Result "0-1"]
[WhiteElo "1490"]
[BlackElo "1727"]
[PlyCount "76"]
[EventDate "2010.09.11"]
[EventType "swiss"]
[EventRounds "5"]
[EventCountry "CAN"]

1. e4 c5 2. Nf3 d6 3. g3 Nf6 4. d3 Bg4 5. Bg2 Nc6 6. h3 Bd7 7. c3 h6 8. Qb3 Qc8
9. Nbd2 Rb8 10. a4 e5 11. Nf1 Be6 12. Qc2 Na5 13. N3d2 d5 14. Ne3 d4 15. Nd5
Be7 16. f4 Nh5 17. Nxe7 Kxe7 18. Kf2 exf4 19. gxf4 Nxf4 20. h4 Nxg2 21. Kxg2
Qc6 22. c4 Bg4 23. Nf3 Bxf3+ 24. Kxf3 Qf6+ 25. Kg3 g5 26. hxg5 hxg5 27. Bd2
Qe5+ 28. Kg4 f5+ 29. exf5 Qe2+ 30. Kg3 Qe5+ 31. Kg4 Rxh1 32. Rxh1 Qe2+ 33. Kg3
Kf7 34. Rh6 Nc6 35. Re6 Qh5 36. Re4 Rh8 37. Bxg5 Qxg5+ 38. Rg4 Qe3+ 0-1

[Event "Ste-Foy 2010.11.13"]
[Site "Ste-Foy CAN"]
[Date "2010.11.13"]
[Round "1"]
[White "Laflamme, Simon"]
[Black "Chouinard, Etienne"]
[Result "1-0"]
[WhiteElo "1777"]
[BlackElo "1527"]
[PlyCount "43"]
[EventDate "2010.11.13"]
[EventType "swiss"]
[EventRounds "5"]
[EventCountry "CAN"]

1. Nf3 d5 2. c4 Nf6 3. cxd5 Nxd5 4. Nc3 Nxc3 5. bxc3 Nc6 6. d4 e6 7. e4 Be7 8.
Bd3 O-O 9. O-O f5 10. exf5 exf5 11. Bc4+ Kh8 12. Re1 Qd6 13. Bg5 Bxg5 14. Nxg5
Nd8 15. Qh5 h6 16. Re5 Qf6 17. Re8 Bd7 18. Rxf8+ Qxf8 19. Re1 b5 20. Bb3 f4 21.
Qg6 Bf5 22. Qxf5 1-0

[Event "Ste-Foy 2010.11.13"]
[Site "Ste-Foy CAN"]
[Date "2010.11.20"]
[Round "2"]
[White "Dorion, Francois"]
[Black "Labrecque, Rejean"]
[Result "1-0"]
[WhiteElo "1711"]
[BlackElo "1745"]
[PlyCount "71"]
[EventDate "2010.11.13"]
[EventType "swiss"]
[EventRounds "5"]
[EventCountry "CAN"]

1. e4 c5 2. Nf3 Nc6 3. d4 cxd4 4. Nxd4 d6 5. Nxc6 bxc6 6. Bd3 g6 7. O-O Bg7 8.
Nc3 Nf6 9. h3 O-O 10. Bf4 Qc7 11. Qd2 Re8 12. Rae1 Nd7 13. Bh2 Rb8 14. Nd1 Bxb2
15. Nxb2 Rxb2 16. f4 Qb6+ 17. Kh1 Qd4 18. e5 e6 19. exd6 Qxd6 20. f5 e5 21.
fxg6 hxg6 22. Rf4 Ba6 23. Rh4 Qf6 24. Qh6 Bxd3 25. cxd3 Rxa2 26. d4 Ra5 27.
dxe5 Nxe5 28. Qh7+ Kf8 29. Qh8+ Ke7 30. Bxe5 Qf2 31. Bf6+ Kd6 32. Qxe8 Qxf6 33.
Qb8+ Kd7 34. Rf4 Rf5 35. Rd1+ Ke7 36. Qd8+ 1-0

[Event "Ste-Foy 2010.11.13"]
[Site "Ste-Foy CAN"]
[Date "2010.12.01"]
[Round "3"]
[White "Caron, Sebastien"]
[Black "Oliver, Vance"]
[Result "1-0"]
[WhiteElo "1995"]
[BlackElo "1461"]
[PlyCount "75"]
[EventDate "2010.11.13"]
[EventType "swiss"]
[EventRounds "5"]
[EventCountry "CAN"]

1. e4 d6 2. d4 Nf6 3. Nc3 g6 4. Be3 c6 5. Qd2 b5 6. Bd3 Nbd7 7. Bh6 Qa5 8. Bxf8
Nxf8 9. e5 dxe5 10. dxe5 Nd5 11. Nxd5 Qxd2+ 12. Kxd2 cxd5 13. Bxb5+ Bd7 14.
Bxd7+ Nxd7 15. Re1 Nc5 16. f3 Rb8 17. b3 O-O 18. Ne2 Ne6 19. c3 Rfc8 20. Rc1
Rc5 21. Rhd1 Ra5 22. Rc2 Rc5 23. Nd4 Rbc8 24. Rdc1 Ng7 25. f4 e6 26. g4 h5 27.
h3 Kf8 28. c4 dxc4 29. Rxc4 Rxc4 30. Rxc4 Rxc4 31. bxc4 hxg4 32. hxg4 Ke8 33.
Kc3 Kd7 34. Kb4 Ne8 35. Ka5 Nc7 36. Nb5 Nd5 37. cxd5 exd5 38. Nd4 1-0

[Event "Ste-Foy 2010.11.13"]
[Site "Ste-Foy CAN"]
[Date "2010.11.27"]
[Round "3"]
[White "Cournoyer, Dominic"]
[Black "Laflamme, Simon"]
[Result "1/2-1/2"]
[WhiteElo "1938"]
[BlackElo "1777"]
[PlyCount "54"]
[EventDate "2010.11.13"]
[EventType "swiss"]
[EventRounds "5"]
[EventCountry "CAN"]

1. c4 e6 2. Nc3 d5 3. cxd5 exd5 4. d4 c5 5. Nf3 Nc6 6. g3 Nf6 7. Bg2 Be7 8. O-O
O-O 9. Be3 c4 10. Bg5 Be6 11. e3 h6 12. Bxf6 Bxf6 13. Qa4 Qd7 14. Nd2 a6 15. a3
b5 16. Qd1 Rfe8 17. Re1 Rad8 18. Ne2 Bg4 19. Nf3 Qf5 20. Qb1 Qh5 21. Nf4 Qf5
22. Qxf5 Bxf5 23. Nd2 Ne7 24. Nb1 g5 25. Ne2 Be6 26. Nbc3 Nf5 27. Kf1 Kf8
1/2-1/2

[Event "Ste-Foy 2010.11.13"]
[Site "Ste-Foy CAN"]
[Date "2010.11.27"]
[Round "3"]
[White "Cummins, Paul"]
[Black "Gaskins, Nathaniah"]
[Result "1-0"]
[WhiteElo "1751"]
[BlackElo "1393"]
[PlyCount "113"]
[EventDate "2010.11.13"]
[EventType "swiss"]
[EventRounds "5"]
[EventCountry "CAN"]

1. e4 c5 2. c3 d6 3. Nf3 Nc6 4. Bb5 Bd7 5. O-O a6 6. Ba4 b5 7. Bc2 Nf6 8. h3 e5
9. Re1 h6 10. d3 Be7 11. Nbd2 Be6 12. Nf1 O-O 13. Ne3 Rc8 14. Bd2 Qb6 15. g4
Rfd8 16. Nf5 Kf8 17. g5 Nh7 18. gxh6 g6 19. Nxe7 Kxe7 20. Kh2 f6 21. Rg1 Rg8
22. Be3 Rcf8 23. Qd2 Qc7 24. Nh4 g5 25. Nf5+ Bxf5 26. exf5 Rd8 27. Rg3 a5 28.
Bb3 Rh8 29. Bd5 Nf8 30. f4 exf4 31. Bxf4 Kd7 32. Be3 Kc8 33. d4 c4 34. Bxc6
Qxc6 35. d5 Qc7 36. Re1 Nd7 37. Qf2 Rxh6 38. b3 Rdh8 39. bxc4 bxc4 40. Rb1 Ne5
41. Qg2 Qd7 42. Kg1 Qxf5 43. Qb2 Kd8 44. Qb8+ Ke7 45. Qc7+ Nd7 46. Re1 Kf7 47.
Qxd6 Rxh3 48. Rxh3 Rxh3 49. Qe6+ Qxe6 50. dxe6+ Kxe6 51. Bxg5+ Ne5 52. Bd2 Kd5
53. Kg2 Rd3 54. Re2 Nf3 55. Bh6 Rxc3 56. Bg7 f5 57. Bxc3 1-0

[Event "Ste-Foy 2010.11.13"]
[Site "Ste-Foy CAN"]
[Date "2010.12.04"]
[Round "4"]
[White "Caron, Sebastien"]
[Black "Cournoyer, Dominic"]
[Result "0-1"]
[WhiteElo "1995"]
[BlackElo "1940"]
[PlyCount "142"]
[EventDate "2010.11.13"]
[EventType "swiss"]
[EventRounds "5"]
[EventCountry "CAN"]

1. e4 d5 2. exd5 Nf6 3. d4 Nxd5 4. Nf3 Bg4 5. Be2 e6 6. c4 Bb4+ 7. Bd2 Bxd2+ 8.
Qxd2 Nf6 9. Qb4 b6 10. Nc3 Nc6 11. Qa4 Qd7 12. Rd1 O-O 13. h3 Bh5 14. g4 Bg6
15. g5 Ne4 16. d5 Nxc3 17. bxc3 exd5 18. cxd5 Ne5 19. Qxd7 Nxd7 20. O-O Nc5 21.
Rd4 Rad8 22. Nd2 Rfe8 23. Bf3 Bd3 24. Rd1 Kf8 25. Nb3 Bc2 26. Rf1 Bxb3 27. axb3
Nxb3 28. Rdd1 a5 29. c4 Re5 30. h4 Rf5 31. Be2 Rf4 32. Kg2 Re8 33. Kg3 Rfe4 34.
Bd3 Rd4 35. Bc2 Rxd1 36. Rxd1 Nc5 37. d6 cxd6 38. Rxd6 Rb8 39. Kf4 Ke7 40. Rd1
g6 41. Re1+ Kf8 42. Ra1 Rd8 43. Ke3 Rd6 44. f4 Ke7 45. f5 gxf5 46. Bxf5 h6 47.
Bc2 hxg5 48. hxg5 Re6+ 49. Kf4 Re2 50. Bf5 a4 51. Ra3 Kd6 52. g6 Rf2+ 53. Kg5
fxg6 54. Kxg6 Ke5 55. Bb1 Kd4 56. Ba2 Rxa2 57. Rxa2 Kxc4 58. Kf6 b5 59. Rc2+
Kb4 60. Ke5 a3 61. Kd5 Na4 62. Kc6 Kb3 63. Rh2 b4 64. Kb5 Nc3+ 65. Kc5 a2 66.
Rh1 Nb1 67. Rh3+ Kc2 68. Rh2+ Nd2 69. Rh1 b3 70. Ra1 Kb2 71. Rd1 a1=Q 0-1

[Event "Ste-Foy 2010.11.13"]
[Site "Ste-Foy CAN"]
[Date "2010.12.11"]
[Round "5"]
[White "Tremblay, Charles"]
[Black "Cummins, Paul"]
[Result "1-0"]
[WhiteElo "1592"]
[BlackElo "1751"]
[PlyCount "87"]
[EventDate "2010.11.13"]
[EventType "swiss"]
[EventRounds "5"]
[EventCountry "CAN"]

1. c4 e6 2. Nc3 c6 3. Nf3 d5 4. d4 Nf6 5. Bf4 Nbd7 6. h3 Be7 7. e3 O-O 8. Be2
dxc4 9. Bxc4 b5 10. Bd3 Nd5 11. Nxd5 exd5 12. O-O Nf6 13. Ne5 Bb7 14. Rc1 Rc8
15. Bf5 Rc7 16. Rc2 Bd6 17. Qc1 g6 18. Bd3 Qe8 19. Bh6 Qe6 20. Bxf8 Kxf8 21.
Bxb5 Ne4 22. Bxc6 Ba6 23. Rd1 Ng5 24. Bd7 Rxd7 25. Rc8+ Kg7 26. Nxd7 Nxh3+ 27.
gxh3 Qxh3 28. Ne5 Bxe5 29. dxe5 Be2 30. Rc7 Qg4+ 31. Kh2 Qh5+ 32. Kg1 Qg5+ 33.
Kh2 Qxe5+ 34. f4 Qh5+ 35. Kg1 Bxd1 36. Qc3+ Kh6 37. Qd2 Qg4+ 38. Qg2 Qe6 39.
Qg5+ Kg7 40. Qe5+ Qxe5 41. fxe5 Bg4 42. Rxa7 h5 43. b4 Be2 44. a4 1-0

[Event "Toronto Closed"]
[Site "Toronto CAN"]
[Date "2010.03.23"]
[Round "1"]
[White "Barron, Michael"]
[Black "Sapozhnikov, Roman"]
[Result "0-1"]
[WhiteElo "2368"]
[BlackElo "2456"]
[PlyCount "98"]
[EventDate "2010.01.26"]
[EventType "tourn"]
[EventRounds "9"]
[EventCountry "CAN"]

1. e4 c5 2. Nf3 d6 3. d4 cxd4 4. Nxd4 Nf6 5. Nc3 Nc6 6. Be2 e5 7. Nb3 Be7 8.
O-O O-O 9. Kh1 a5 10. a4 Nb4 11. f4 b6 12. Bf3 Bb7 13. Be3 Qc7 14. Rf2 Bc6 15.
Rd2 Qb7 16. Qg1 Nxe4 17. Bxe4 Bxe4 18. Bxb6 Nxc2 19. Rc1 Rfb8 20. Nxa5 Qxb6 21.
Qxb6 Rxb6 22. Nc4 Rc6 23. Nxe4 Rxc4 24. Nxd6 Bxd6 25. Rxd6 Rcxa4 26. fxe5 Ra1
27. Rg1 g6 28. e6 fxe6 29. Rxe6 Rxg1+ 30. Kxg1 Rb8 31. Re7 Rxb2 32. h3 Nd4 33.
Kf1 Nf5 34. Re5 Kf7 35. g4 Kf6 36. Ra5 Ng3+ 37. Kg1 Ne4 38. h4 Rb7 39. Kg2 Nd6
40. Kf3 h6 41. h5 g5 42. Ra8 Rb3+ 43. Kg2 Ke5 44. Rf8 Ne4 45. Rh8 Kf4 46. Rxh6
Kxg4 47. Re6 Ng3 48. h6 Rb2+ 49. Kg1 Kh3 0-1

[Event "Toronto Closed"]
[Site "Toronto CAN"]
[Date "2010.01.26"]
[Round "1"]
[White "Calugar, Arthur"]
[Black "Shebetah, Wajdy"]
[Result "1-0"]
[WhiteElo "2340"]
[BlackElo "2226"]
[PlyCount "149"]
[EventDate "2010.01.26"]
[EventType "tourn"]
[EventRounds "9"]
[EventCountry "CAN"]

1. Nf3 e6 2. b3 f5 3. Bb2 Nf6 4. g3 d5 5. Bg2 Bd6 6. d3 O-O 7. Nbd2 Nbd7 8. e4
fxe4 9. dxe4 Nxe4 10. Nxe4 dxe4 11. Nd2 e3 12. fxe3 Qg5 13. Qe2 Nf6 14. O-O e5
15. Nc4 Bg4 16. Qe1 Bf5 17. Bxb7 Rab8 18. Bg2 Bxc2 19. Qc3 Bg6 20. Nxe5 Rbe8
21. Nxg6 hxg6 22. Rae1 Kh7 23. e4 Be5 24. Qc1 Qh5 25. Bxe5 Qxe5 26. Qf4 Qc5+
27. Kh1 Qc2 28. Qf2 Qc3 29. Rc1 Qa5 30. Qc2 Rf7 31. Rf4 Re5 32. Qc3 Qxc3 33.
Rxc3 g5 34. Rf5 Rxf5 35. exf5 Rd7 36. Bf3 g4 37. Bb7 Rd1+ 38. Kg2 Rd2+ 39. Kg1
Rd1+ 40. Kg2 Rd2+ 41. Kg1 Rd1+ 42. Kf2 Rd2+ 43. Kf1 Rxh2 44. Bg2 Rh5 45. Rc5
Ne8 46. Kg1 Rh6 47. Ra5 a6 48. Bf1 Nd6 49. Rxa6 Ne4 50. Rxh6+ Kxh6 51. a4 Kg5
52. a5 Nd6 53. Bd3 Kf6 54. Kf2 Ke5 55. Ke3 c5 56. a6 Nc8 57. Be4 Na7 58. Bc2
Nc6 59. Bb1 Na7 60. Kd3 Kd5 61. Ba2 Kc6 62. Ke4 Nb5 63. b4 Nc3+ 64. Kf4 cxb4
65. Bc4 Na4 66. Kxg4 Nb6 67. Bb3 Kb5 68. a7 Ka6 69. Kg5 Kxa7 70. Kg6 Nd7 71.
Kxg7 Kb6 72. f6 Kc5 73. Be6 Ne5 74. f7 Nxf7 75. Kxf7 1-0

[Event "Toronto Closed"]
[Site "Toronto CAN"]
[Date "2010.01.26"]
[Round "1"]
[White "Casareno, Erwin"]
[Black "Plotkin, Victor"]
[Result "0-1"]
[WhiteElo "2181"]
[BlackElo "2384"]
[PlyCount "68"]
[EventDate "2010.01.26"]
[EventType "tourn"]
[EventRounds "9"]
[EventCountry "CAN"]

1. e4 e5 2. f4 Nf6 3. fxe5 Nxe4 4. Nf3 Ng5 5. d4 Nxf3+ 6. Qxf3 Qh4+ 7. Qf2
Qxf2+ 8. Kxf2 d6 9. Bf4 Nc6 10. Bb5 Bd7 11. Bxc6 Bxc6 12. c4 dxe5 13. Bxe5
O-O-O 14. Rd1 f6 15. Bf4 Bc5 16. Be3 Rhe8 17. Nc3 Bd6 18. d5 Bd7 19. g3 h5 20.
c5 Rxe3 21. Kxe3 Bxc5+ 22. Kd3 b5 23. a3 Bf5+ 24. Kd2 a6 25. Rac1 Bd6 26. Ke3
Bc5+ 27. Kd2 Bd4 28. Ke1 Re8+ 29. Ne2 Bxb2 30. d6 Bxc1 31. Rxc1 Bg4 32. Rxc7+
Kd8 33. Ra7 Rxe2+ 34. Kf1 Ra2 0-1

[Event "Toronto Closed"]
[Site "Toronto CAN"]
[Date "2010.01.26"]
[Round "1"]
[White "Kleinman, Michael"]
[Black "Frilles, Ruperto"]
[Result "1-0"]
[WhiteElo "2154"]
[BlackElo "2192"]
[PlyCount "163"]
[EventDate "2010.01.26"]
[EventType "tourn"]
[EventRounds "9"]
[EventCountry "CAN"]

1. e4 e6 2. d4 d5 3. Nd2 c5 4. Ngf3 Nc6 5. exd5 exd5 6. Bb5 Bd6 7. O-O Nge7 8.
dxc5 Bxc5 9. Nb3 Bd6 10. Re1 O-O 11. Bg5 f6 12. Be3 Kh8 13. Nbd4 Ne5 14. h3 a6
15. Be2 N7c6 16. a4 Ng6 17. Bd3 Nce5 18. Nxe5 fxe5 19. Bxg6 hxg6 20. Nf3 e4 21.
Bg5 Qd7 22. Nd4 Qf7 23. Qd2 Be5 24. Ra3 Bd7 25. a5 Rac8 26. Be3 Bb8 27. Rb3 Bc6
28. Nxc6 Rxc6 29. Bd4 Qc7 30. Rg3 Qf4 31. Be3 Qf6 32. Rg5 Qd6 33. g3 Rf5 34.
Bf4 Qf8 35. Rxf5 gxf5 36. Bxb8 Qxb8 37. Qxd5 Rf6 38. Rd1 Kh7 39. Kg2 Qc7 40.
Rd4 Qe7 41. Qd7 Qf8 42. Qxb7 Qe8 43. Rd7 Rg6 44. Re7 Qa4 45. Qd5 Rf6 46. Qd7
Qxd7 47. Rxd7 f4 48. gxf4 Rxf4 49. Rd6 Rf5 50. Rxa6 Rg5+ 51. Kf1 Rh5 52. Re6
Rxa5 53. Rxe4 Ra2 54. b4 Rxc2 55. Re3 Kg6 56. Kg2 Kf5 57. Kf3 g5 58. Rd3 Rc1
59. Rd5+ Ke6 60. Rc5 Rh1 61. Kg2 Rb1 62. Rxg5 Rb3 63. Rg4 Kf5 64. f3 Rb2+ 65.
Kg3 Rb1 66. Re4 Rg1+ 67. Kf2 Rh1 68. h4 Rb1 69. Ke2 Rb2+ 70. Kd3 Rb3+ 71. Kc4
Rxf3 72. Re1 Rf4+ 73. Kc5 Rxh4 74. b5 Rh2 75. b6 Rc2+ 76. Kd6 Rb2 77. Kc7 Rc2+
78. Kb8 Rb2 79. b7 Kf6 80. Rc1 Rh2 81. Ra1 Ke6 82. Ka8 1-0

[Event "Toronto Closed"]
[Site "Toronto CAN"]
[Date "2010.01.26"]
[Round "1"]
[White "Semyonov, Vladimir"]
[Black "Kimelman, Michael"]
[Result "0-1"]
[WhiteElo "2053"]
[BlackElo "2249"]
[PlyCount "106"]
[EventDate "2010.01.26"]
[EventType "tourn"]
[EventRounds "9"]
[EventCountry "CAN"]

1. e4 c5 2. c3 Nf6 3. e5 Nd5 4. Nf3 e6 5. d4 Nc6 6. a3 d6 7. Bd3 Be7 8. O-O O-O
9. Qe2 Re8 10. c4 Nc7 11. Qe4 g6 12. exd6 Bxd6 13. dxc5 Bxc5 14. Rd1 e5 15. Qe2
Qe7 16. Nc3 Bg4 17. Be3 Nd4 18. Bxd4 Bxd4 19. Re1 Bxc3 20. bxc3 f5 21. Qxe5 Qd8
22. Qd4 Bxf3 23. Rxe8+ Qxe8 24. gxf3 Rd8 25. Qf4 Qe7 26. Bc2 Ne6 27. Re1 Qf6
28. Qe3 Re8 29. c5 f4 30. Qe5 Qxe5 31. Rxe5 Kf7 32. Bb3 Kf6 33. Re4 g5 34. h4
h6 35. hxg5+ hxg5 36. Kf1 Re7 37. c6 bxc6 38. Bxe6 Rxe6 39. Ra4 Re7 40. Ra6 Rc7
41. Ke2 Ke5 42. Kd3 Kd5 43. c4+ Ke5 44. Ra5+ c5 45. Ra6 Rb7 46. Kc3 Rc7 47. Rg6
Kf5 48. Rd6 Re7 49. Rd5+ Re5 50. a4 Rxd5 51. cxd5 Ke5 52. Kc4 Kd6 53. a5 a6 0-1

[Event "Toronto Closed"]
[Site "Toronto CAN"]
[Date "2010.02.28"]
[Round "2"]
[White "Barron, Michael"]
[Black "Kleinman, Michael"]
[Result "1/2-1/2"]
[WhiteElo "2368"]
[BlackElo "2154"]
[PlyCount "105"]
[EventDate "2010.01.26"]
[EventType "tourn"]
[EventRounds "9"]
[EventCountry "CAN"]

1. e4 c5 2. Nf3 d6 3. d4 cxd4 4. Nxd4 Nf6 5. Nc3 Nc6 6. Be2 g6 7. O-O Bg7 8.
Nb3 Be6 9. f4 Na5 10. Nd4 Bc4 11. Bxc4 Nxc4 12. b3 Qb6 13. Kh1 Nxe4 14. Nxe4
Bxd4 15. c3 Ne3 16. Qxd4 Qxd4 17. cxd4 Nxf1 18. Kg1 Nxh2 19. Kxh2 Rc8 20. Bb2
Rc2 21. Rc1 Rxc1 22. Bxc1 Kd7 23. Bd2 Rc8 24. Nc3 f6 25. Kg3 e5 26. fxe5 fxe5
27. dxe5 dxe5 28. Kf3 Rf8+ 29. Ke2 Kc6 30. Be3 b6 31. a4 Rf7 32. b4 Kd6 33. Kd3
Ke6 34. a5 bxa5 35. bxa5 Kf5 36. Nb5 Rd7+ 37. Kc4 a6 38. Nc3 Kg4 39. Ne4 Rb7
40. Bb6 Kf4 41. Nc5 Rf7 42. Nxa6 Kg3 43. Kd5 Kxg2 44. Kxe5 h5 45. Nc7 h4 46. a6
Rf1 47. Nd5 Ra1 48. a7 g5 49. Ne3+ Kg3 50. Kf5 h3 51. Kxg5 h2 52. Nf1+ Kg2 53.
Nxh2 1/2-1/2

[Event "Toronto Closed"]
[Site "Toronto CAN"]
[Date "2010.02.02"]
[Round "2"]
[White "Frilles, Ruperto"]
[Black "Calugar, Arthur"]
[Result "0-1"]
[WhiteElo "2192"]
[BlackElo "2340"]
[PlyCount "78"]
[EventDate "2010.01.26"]
[EventType "tourn"]
[EventRounds "9"]
[EventCountry "CAN"]

1. e4 c5 2. c4 Nc6 3. Nc3 g6 4. g3 Bg7 5. Bg2 d6 6. h3 e6 7. d3 Nge7 8. Nge2
O-O 9. O-O b6 10. Be3 Bb7 11. Qd2 Nd4 12. Bh6 Nxe2+ 13. Nxe2 Bxh6 14. Qxh6 d5
15. Rad1 Qc7 16. Qg5 Rad8 17. h4 dxc4 18. dxc4 Nc6 19. e5 Rxd1 20. Rxd1 Nxe5
21. Bxb7 f6 22. Qe3 Qxb7 23. f4 Qf3 24. Qxf3 Nxf3+ 25. Kg2 Nd4 26. Nxd4 Rd8 27.
Re1 Rxd4 28. b3 Rd2+ 29. Kf3 Kf7 30. Re2 Rxe2 31. Kxe2 g5 32. hxg5 fxg5 33. Kf3
gxf4 34. Kxf4 Kf6 35. a3 h5 36. b4 e5+ 37. Ke4 Ke6 38. bxc5 bxc5 39. a4 a5 0-1

[Event "Toronto Closed"]
[Site "Toronto CAN"]
[Date "2010.02.02"]
[Round "2"]
[White "Kimelman, Michael"]
[Black "Casareno, Erwin"]
[Result "1-0"]
[WhiteElo "2249"]
[BlackElo "2181"]
[PlyCount "41"]
[EventDate "2010.01.26"]
[EventType "tourn"]
[EventRounds "9"]
[EventCountry "CAN"]

1. e4 d6 2. d4 Nf6 3. Nc3 g6 4. f4 Bg7 5. Nf3 c6 6. a4 O-O 7. Be2 Nbd7 8. e5
Ng4 9. Ng5 Nh6 10. O-O dxe5 11. fxe5 Nb6 12. a5 Nd5 13. Nxd5 cxd5 14. c3 f6 15.
Nf3 Nf7 16. Bf4 Bh6 17. Qd2 Bxf4 18. Qxf4 Qc7 19. Bd3 Bd7 20. Qg3 f5 21. e6 1-0

[Event "Toronto Closed"]
[Site "Toronto CAN"]
[Date "2010.02.02"]
[Round "2"]
[White "Sapozhnikov, Roman"]
[Black "Plotkin, Victor"]
[Result "1-0"]
[WhiteElo "2456"]
[BlackElo "2384"]
[PlyCount "97"]
[EventDate "2010.01.26"]
[EventType "tourn"]
[EventRounds "9"]
[EventCountry "CAN"]

1. e4 e5 2. Nf3 Nf6 3. d4 Nxe4 4. Bd3 d5 5. Nxe5 Be7 6. Nc3 Nf6 7. O-O O-O 8.
Bg5 Nbd7 9. Nxd7 Qxd7 10. Re1 c6 11. Re3 Re8 12. Qe2 Bf8 13. Bxf6 Rxe3 14. fxe3
gxf6 15. Qh5 h6 16. Rf1 Qg4 17. Qxg4+ Bxg4 18. h3 Be6 19. Rxf6 c5 20. Rf3 Re8
21. Kf2 cxd4 22. exd4 Bg7 23. Ne2 a6 24. c3 b5 25. Bf5 Rb8 26. Nc1 b4 27. Bxe6
fxe6 28. Re3 Kf7 29. Nd3 a5 30. Ke2 bxc3 31. bxc3 Rb1 32. Kf3 Rf1+ 33. Kg3 Ra1
34. Re2 Rd1 35. Nc5 Rc1 36. Re3 e5 37. Nb3 Rc2 38. dxe5 Rxa2 39. Nd4 Ra3 40.
e6+ Ke8 41. Nb5 d4 42. Nd6+ Ke7 43. Nf5+ Kf6 44. Nxd4 Bf8 45. Rf3+ Ke7 46. Rf7+
Ke8 47. Nb5 Rb3 48. Nc7+ Kd8 49. Rxf8+ 1-0

[Event "Toronto Closed"]
[Site "Toronto CAN"]
[Date "2010.02.02"]
[Round "2"]
[White "Shebetah, Wajdy"]
[Black "Semyonov, Vladimir"]
[Result "1-0"]
[WhiteElo "2226"]
[BlackElo "2053"]
[PlyCount "53"]
[EventDate "2010.01.26"]
[EventType "tourn"]
[EventRounds "9"]
[EventCountry "CAN"]

1. e4 c6 2. d4 d5 3. exd5 cxd5 4. Bd3 Nc6 5. c3 Nf6 6. Bf4 Bg4 7. Qb3 Qc8 8.
Nd2 e6 9. Ngf3 Be7 10. O-O O-O 11. Rae1 Bh5 12. Ne5 Nxe5 13. Bxe5 Bg6 14. Bxg6
hxg6 15. Qd1 b5 16. Re3 a5 17. g4 g5 18. h4 Ne4 19. hxg5 Bxg5 20. f4 f6 21.
Nxe4 dxe4 22. Bd6 Bh6 23. Bxf8 Qxf8 24. g5 fxg5 25. fxg5 Qe7 26. Qg4 Bxg5 27.
Rxe4 1-0

[Event "Toronto Closed"]
[Site "Toronto CAN"]
[Date "2010.02.14"]
[Round "3"]
[White "Calugar, Arthur"]
[Black "Barron, Michael"]
[Result "1-0"]
[WhiteElo "2340"]
[BlackElo "2368"]
[PlyCount "105"]
[EventDate "2010.01.26"]
[EventType "tourn"]
[EventRounds "9"]
[EventCountry "CAN"]

1. e4 e5 2. Nf3 Nc6 3. Bb5 a6 4. Ba4 Nf6 5. O-O Be7 6. Re1 b5 7. Bb3 O-O 8. c3
d6 9. h3 Na5 10. Bc2 c5 11. d4 Qc7 12. Nbd2 Bb7 13. Nf1 cxd4 14. cxd4 Rac8 15.
Bd3 exd4 16. Nxd4 d5 17. exd5 Bxd5 18. Bg5 h6 19. Nf5 Be6 20. Bf4 Qd7 21. Nxe7+
Qxe7 22. Bd6 Qd7 23. Bxf8 Kxf8 24. Ng3 Nc4 25. Bxc4 Rxc4 26. Qxd7 Nxd7 27. Rac1
Rxc1 28. Rxc1 Bxa2 29. Ra1 Bc4 30. Rxa6 Nc5 31. Ra3 g6 32. Nf1 b4 33. Ra8+ Ke7
34. Nd2 Bd5 35. Rc8 Kd6 36. Kf1 b3 37. f3 Na4 38. Ke2 Nxb2 39. Ke3 Na4 40. Kd4
Be6 41. Rb8 Kc7 42. Rb4 Nb6 43. Nxb3 Nd5 44. Ra4 Nb6 45. Ra7+ Kb8 46. Ra6 Nd7
47. Nc5 Nxc5 48. Kxc5 Kc7 49. Ra7+ Kb8 50. Re7 Bb3 51. Kd6 Bc4 52. h4 Bb3 53.
Ke5 1-0